Score 0/24 Timer 04:00
0 Plays Today
Hint 4-Letter Word % Correct
Bird's homeNEST
98.6%
Not the present or futurePAST
97%
Annoying personPEST
95.5%
Spend the night outside in a tentCAMP
94.8%
Actors in a playCAST
94.2%
MisplacedLOST
93.3%
Neither heart, spade, nor diamondCLUB
92.6%
PriceCOST
92%
FinalLAST
91.8%
Hint, or a classic board gameCLUE
91.6%
Arrived atCAME
89.7%
Elmer's productGLUE
88.8%
Hint 4-Letter Word % Correct
Girl in GlasgowLASS
88.6%
Layer of paintCOAT
88.3%
Job for SherlockCASE
87.4%
Small wagonCART
86.9%
Opposite of an acidBASE
86.7%
Horned mammalGOAT
86.6%
⋆ The _____ play the brass ⋆⋆ BASS ⋆
86%
⋆ The _____ play the harp ⋆⋆ CARP ⋆
85.3%
Disease with painful joint inflammationGOUT
82.7%
OverabundanceGLUT
79.7%
⋆ The _____ play the flute ⋆⋆ NEWT ⋆
53%
⋆ The _____ play the tub ⋆⋆ CHUB ⋆
45%

Today's Daily Dose

Missing Word
1900s A-Z

Word Ladder
Space Firsts

Quick Pick
Salsa

Get the Picture
Body Systems

Remove Ads.
Support Sporcle.
Get the best of Sporcle when you Go Orange. This ad-free experience offers more features, more stats, and more fun while also helping to support Sporcle. Thank you for becoming a member.

You're not logged in!

Compare scores with friends on all Sporcle quizzes.
OR
Log In

Show Comments

Extras

Top Quizzes Today


Score Distribution

Your Account Isn't Verified!

In order to create a playlist on Sporcle, you need to verify the email address you used during registration. Go to your Sporcle Settings to finish the process.

Report this User

Report this user for behavior that violates our Community Guidelines.

Details: